La poésie art pluriel

Guardat en:
Dades bibliogràfiques
Autor principal: Jacques Flamand
Format: Llibre
Idioma:Undetermined
Publicat: Canada Vermillon 1991
Matèries:
Etiquetes: Afegir etiqueta
Sense etiquetes, Sigues el primer a etiquetar aquest registre!
Thư viện lưu trữ: Trung tâm Học liệu Trường Đại học Cần Thơ
LEADER 00511nam a2200181Ia 4500
001 CTU_41553
008 210402s9999 xx 000 0 und d
082 |a 841.54 
082 |b F577 
100 |a Jacques Flamand 
245 0 |a La poésie art pluriel 
245 0 |c Jacques Flamand 
260 |a Canada 
260 |b Vermillon 
260 |c 1991 
650 |a canadian poetry - 20th century ( french ) 
904 |i Nguyễn Quang Điền, 010529 
980 |a Trung tâm Học liệu Trường Đại học Cần Thơ